000 00970nam a22003137a 4500
003 CHAP
005 20220329143556.0
008 100617s1977 mx a r 00010 spa d
010 _a98736
011 _a99708
020 _a0070259976
035 _a110394
040 _cCHAP
082 1 4 _a547
_bH19
100 1 _aHansch, corwin
_952557
245 1 0 _aSinópsis de química orgánica:
_bproblemas y respuestas
_c/por Corwin Hansch and George Helmkamp
250 _a2 ed.
260 _aMéxico, D. F. :
_bCastillo,
_c1977
300 _a326 p. :
_bilus.
590 _aBATCH-UPD
_b10
_c20130110
_lUCH01
_h2013
590 _aBATCH-UPD
_b10
_c20130410
_lUCH01
_h1331
590 _aBATCH-UPD
_b10
_c20130914
_lUCH01
_h1601
590 _aCONVERSION
_b10
_c20130109
_lUCH01
_h1355
650 1 4 _aQuímica orgánica.
_993598
700 1 _aHelmkamp, George
_953481
901 _aBK
942 _cLIBRO
949 _a547 H19
_bBC
_cLIBRO
_d33724002178454
_eLIBRO
_gI.c/e
_h112904
_i110394
_si
999 _c98736
_d98736